Repensando el desarrollo : lecturas interdisciplinares = Rethinking development : interdisciplinary readings /

Detalles Bibliográficos
Autor principal: Valderrama Leongómez, Mariana (Autor)
Formato: Electrónico eBook
Lenguaje:español
Publicado: Bogotá, Colombia : Editorial Uniagustiniana, 2018.
Colección:Colección Humanidades y ciencias sociales (Editorial Uniagustiniana). Libros de investigación.
Materias:
Acceso en línea:Digitalia Hispánica

MARC

LEADER 00000nam a2200000Ii 4500
001 DIGUAGANA0035
003 NyNyDIG
006 m o d
007 cr |||||||||||
008 250115s2018 ck ab ob 000 0 spa d
035 |a (OCoLC)1202552892 
040 |a DGITA  |b eng  |e rda  |e pn  |c DGITA 
020 |a 9789585498105  |q (digital) 
020 |z 9789585498099  |q (impreso) 
041 0 |a spa  |b spa  |b eng 
043 |a s-ck--- 
050 1 4 |a HC228 ebook 
100 1 |a Valderrama Leongómez, Mariana,  |e author. 
245 1 0 |a Repensando el desarrollo :  |b lecturas interdisciplinares = Rethinking development : interdisciplinary readings /  |c Mariana Velderrama Leongómez [and 3 others]. 
246 1 |i English title on cover:  |a Rethinking development :  |b interdisciplinary readings  
264 1 |a Bogotá, Colombia :  |b Editorial Uniagustiniana,  |c 2018. 
300 |a 1 online resource :  |b illustrations, maps. 
336 |a text  |b txt  |2 rdacontent 
337 |a computer  |b c  |2 rdamedia 
338 |a online resource  |b cr  |2 rdacarrier 
347 |a text file  |2 rdaft 
347 |b PDF 
490 1 |a Colección Humanidades y ciencias sociales. Libros de investigación 
504 |a Includes bibliographical references. 
546 |a Text in Spanish with abstract in Spanish and English. 
588 0 |a Online resource; title from PDF title page (Digitalia, viewed January 15, 2025) 
650 0 |a Economic development  |z Colombia. 
650 0 |a Quality of life  |z Colombia. 
650 0 |a Globalization  |z Colombia. 
776 0 8 |i Print version:  |a Valderrama Leongómez, Mariana.  |t Repensando el desarrollo.  |d Bogotá, Colombia : Editorial Uniagustiniana, 2018  |z 9789585498099 
791 2 |a Digitalia (Firm),  |e distributor. 
793 0 |g Digitalia eBook Collection:  |a Editorial Uniagustiniana 
830 0 |a Colección Humanidades y ciencias sociales (Editorial Uniagustiniana).  |p Libros de investigación. 
856 4 0 |3 Digitalia Hispánica  |u https://www.digitaliapublishing.com/a/170029/ 
910 |a Premium collection: 2025